000 00848nam a2200217Ii 4500
003 JO-AjNU
008 230605s9999||||xx |||||||||||||| ||und||
017 _a2002/4/924
040 _aJO-AjNU
_bara
_erda
_cJO-AjNU
041 _aara
050 1 4 _aHF5415.I24 .A4424 .2002
100 3 _aالعلاق،بشير عباس,
_eauthor
_927675
245 0 0 _a تطبيقات تكنولوجيا المعلومات في الأعمال : مدخل تسويقي
250 _aط1
264 3 1 _aعمان:مؤسسة الوراق للنشر والتوزيع؛2002
300 _a378ص
_bيحتوي على ببلوغرافية من ص348-378ص
336 _atext
_btxt
_2rdacontent
337 _aunmediated
_bn
_2rdamedia
338 _avolume
_bnc
_2rdacarrier
650 4 _aالتسويق-ادارة المبيعات-تكنولوجيا المعلومات
_927676
999 _aA10644
_c14212
_d14212